| Tag |
First Indicator |
Second Indicator |
Subfields |
| LEADER |
00000cam a2200000 a 4500 |
| 001 |
in00001406462 |
| 005 |
20151020072711.0 |
| 008 |
980514s1997 at b 001 0 eng d |
| 020 |
|
|
|a 1864484233
|
| 035 |
|
|
|a (OCoLC)39116163
|
| 035 |
|
|
|9 AHQ3399AM
|
| 040 |
|
|
|a INT
|c INT
|d TXA
|d UtOrBLW
|
| 043 |
|
|
|a u-at---
|
| 049 |
|
|
|a TXAM
|
| 090 |
|
|
|a JQ4049.E84
|b A33 1997
|
| 245 |
0 |
0 |
|a Accountability and corruption :
|b public sector ethics /
|c edited by Gordon L. Clark, Elizabeth Prior Jonson, Wayne Caldow.
|
| 264 |
|
1 |
|a St Leonards, NSW, Australia :
|b Allen & Unwin,
|c 1997.
|
| 300 |
|
|
|a xv, 207 pages ;
|c 23 cm.
|
| 336 |
|
|
|a text
|b txt
|2 rdacontent
|
| 337 |
|
|
|a unmediated
|b n
|2 rdamedia
|
| 338 |
|
|
|a volume
|b nc
|2 rdacarrier
|
| 504 |
|
|
|a Includes bibliographical references (pages 194-202) and indexes.
|
| 650 |
|
0 |
|a Civil service ethics
|z Australia.
|
| 700 |
1 |
|
|a Clark, Gordon L.
|
| 700 |
1 |
|
|a Prior Jonson, Elizabeth,
|d 1952-
|
| 700 |
1 |
|
|a Caldow, Wayne,
|d 1960-
|
| 948 |
|
|
|a c:en
|
| 999 |
|
|
|a MARS
|
| 999 |
f |
f |
|s 0dcf1aff-0f6b-3b5b-8890-eead9195aaae
|i 530f5c00-547a-34f9-8338-a0e5db64ff9f
|t 0
|
| 952 |
f |
f |
|p ric
|a Texas A&M University
|b Rellis Campus
|c Joint Library Facility
|d Remote Storage
|t 0
|e JQ4049.E84 A33 1997
|h Library of Congress classification
|i unmediated -- volume
|m A14823317198
|
| 998 |
f |
f |
|a JQ4049.E84 A33 1997
|t 0
|l Remote Storage
|